<?xml version="1.0" encoding="UTF-8"?>
<collection xmlns="http://www.loc.gov/MARC21/slim">
 <record>
  <leader>01650nam a22002297a 4500</leader>
  <controlfield tag="001">NCT_46354</controlfield>
  <controlfield tag="008">180713b        xxu||||| |||| 00| 0 vie d</controlfield>
  <datafield tag="999" ind1=" " ind2=" ">
   <subfield code="c">2218</subfield>
   <subfield code="d">2218</subfield>
  </datafield>
  <datafield tag="020" ind1=" " ind2=" ">
   <subfield code="c">89000</subfield>
  </datafield>
  <datafield tag="082" ind1="0" ind2="4">
   <subfield code="2">23rd ed.</subfield>
   <subfield code="a">005.133</subfield>
   <subfield code="b">Kh106/T.5-Q.3</subfield>
  </datafield>
  <datafield tag="100" ind1="1" ind2=" ">
   <subfield code="a">Phạm Hữu Khang</subfield>
   <subfield code="e">Chủ biên</subfield>
  </datafield>
  <datafield tag="245" ind1="1" ind2="0">
   <subfield code="a">C# 2005</subfield>
   <subfield code="n">Tập 5</subfield>
   <subfield code="p"> Lập trình ASP.Net 2.0 : Quyển 3: Điều khiển kết nối cơ sở dữ liệu</subfield>
   <subfield code="c">Phạm Hữu Khang (chủ biên), Đoàn Thiện Ngân (hiệu đính)</subfield>
  </datafield>
  <datafield tag="260" ind1=" " ind2=" ">
   <subfield code="a">H.</subfield>
   <subfield code="b">Lao động xã hội</subfield>
   <subfield code="c">2007</subfield>
  </datafield>
  <datafield tag="300" ind1=" " ind2=" ">
   <subfield code="a">355 tr.</subfield>
   <subfield code="b">minh họa</subfield>
   <subfield code="c">24cm</subfield>
  </datafield>
  <datafield tag="520" ind1="3" ind2=" ">
   <subfield code="a">Nội dung quyển sách này giới thiệu về điều khiển kêt nối cở sở dữ liệu, làm việc với trình điều khiển trình chủ GridView, DetailsView, FormView, sự kết hợp giữa GridView và điều khiển ASP.Net, điều khiển Datalist và reapeater</subfield>
  </datafield>
  <datafield tag="653" ind1=" " ind2=" ">
   <subfield code="a">công nghệ thông tin</subfield>
  </datafield>
  <datafield tag="700" ind1="1" ind2="0">
   <subfield code="a">Đoàn Thiện Ngân </subfield>
   <subfield code="e">Hiệu đính</subfield>
  </datafield>
  <datafield tag="942" ind1=" " ind2=" ">
   <subfield code="2">ddc</subfield>
   <subfield code="c">BK</subfield>
  </datafield>
  <datafield tag="952" ind1=" " ind2=" ">
   <subfield code="0">0</subfield>
   <subfield code="1">0</subfield>
   <subfield code="2">ddc</subfield>
   <subfield code="4">0</subfield>
   <subfield code="6">005_133000000000000_KH106_T_5Q_3</subfield>
   <subfield code="7">0</subfield>
   <subfield code="9">12672</subfield>
   <subfield code="a">000001</subfield>
   <subfield code="b">000001</subfield>
   <subfield code="d">2018-07-13</subfield>
   <subfield code="o">005.133 Kh106/T.5-Q.3</subfield>
   <subfield code="p">MD.02296</subfield>
   <subfield code="r">2018-07-13</subfield>
   <subfield code="v">89000.00</subfield>
   <subfield code="w">2018-07-13</subfield>
   <subfield code="y">BK</subfield>
  </datafield>
  <datafield tag="952" ind1=" " ind2=" ">
   <subfield code="0">0</subfield>
   <subfield code="1">0</subfield>
   <subfield code="2">ddc</subfield>
   <subfield code="4">0</subfield>
   <subfield code="6">005_133000000000000_KH106_T_5Q_3</subfield>
   <subfield code="7">0</subfield>
   <subfield code="9">12673</subfield>
   <subfield code="a">000001</subfield>
   <subfield code="b">000001</subfield>
   <subfield code="d">2018-07-13</subfield>
   <subfield code="o">005.133 Kh106/T.5-Q.3</subfield>
   <subfield code="p">MD.02297</subfield>
   <subfield code="r">2018-07-13</subfield>
   <subfield code="v">89000.00</subfield>
   <subfield code="w">2018-07-13</subfield>
   <subfield code="y">BK</subfield>
  </datafield>
  <datafield tag="952" ind1=" " ind2=" ">
   <subfield code="0">0</subfield>
   <subfield code="1">0</subfield>
   <subfield code="2">ddc</subfield>
   <subfield code="4">0</subfield>
   <subfield code="6">005_133000000000000_KH106_T_5Q_3</subfield>
   <subfield code="7">0</subfield>
   <subfield code="9">12674</subfield>
   <subfield code="a">000001</subfield>
   <subfield code="b">000001</subfield>
   <subfield code="d">2018-07-13</subfield>
   <subfield code="o">005.133 Kh106/T.5-Q.3</subfield>
   <subfield code="p">MD.02300</subfield>
   <subfield code="r">2018-07-13</subfield>
   <subfield code="v">89000.00</subfield>
   <subfield code="w">2018-07-13</subfield>
   <subfield code="y">BK</subfield>
  </datafield>
  <datafield tag="980" ind1=" " ind2=" ">
   <subfield code="a">Thư viện Trường Đại học Nam Cần Thơ</subfield>
  </datafield>
 </record>
</collection>
